000 00305nam a2200121Ia 4500
100 _aPaliouras J.D./ Meadous
942 _cBK
654 _avariables
245 _aComplex variables for Scientists & Engineers 2nd edn
260 _bMaxwell
_aNew York
_c1991
082 _a515.9
_bPAN
546 _aENGLISH
999 _c28603
_d28603